World oleochemical conference meeting the demands of the future. 10-13 April 2005 Athens, Greece.
Guardado en:
| Autor Corporativo: | |
|---|---|
| Formato: | Electrónico |
| Idioma: | English |
| Publicado: |
[s.l.] :
Procter & Gamble Company,
2005.
|
| Materias: | |
| Etiquetas: |
Agregar Etiqueta
Sin Etiquetas, Sea el primero en etiquetar este registro!
|
| LEADER | 00823nmm a22002175a 4500 | ||
|---|---|---|---|
| 001 | EIQ.libpla002958 | ||
| 008 | 070921s2005####xx#########m########eng#d | ||
| 005 | 20070925170307.0 | ||
| 245 | 1 | 0 | |a World oleochemical conference |h [recurso electrónico] : |b meeting the demands of the future. 10-13 April 2005 Athens, Greece. |
| 256 | |a Datos electrónicos | ||
| 260 | |a [s.l.] : |b Procter & Gamble Company, |c 2005. | ||
| 300 | |a 1 CD-ROM ; |c 12 cm. | ||
| 538 | |a Necesita Adobe reader 7 | ||
| 111 | 2 | |a World Oleochemical Conference |d (2005 : |c Athens, Greece) | |
| 246 | 3 | 3 | |a WOC 2005. |
| 650 | 4 | |a Productos oleoquímico |x Congresos. | |
| 650 | 4 | |a Química fina |x Congresos. | |
| 650 | 4 | |a Fine chemical |x Congresses. | |
| 650 | 4 | |a Oleochemical |x Congresses. | |
| 040 | |a AR-BbSID |b spa |c AR-BbSID | ||
| 859 | |a AR-BbSID |b BIB. PLAPIQUI |h 665.3 |i C 62 |p 6019 | ||
